Land and lordship in early modern Japan /

Saved in:
நூற்பட்டியல் விவரங்கள்
தலைமை எழுத்தாளர்: Ravina, Mark, 1961-
வடிவம்: புத்தகம்
மொழி:English
வெளியீடப்பட்டது: Stanford, Calif. : Standford University Press, 1998.
பகுதிகள்:
குறியீடுகள்: குறிச்சொல் இணை
குறியீடுகள் இல்லை, இந்த குறிச்சொல்லை முதலில் பதிவு செய்யுங்கள்!
LEADER 00933nam a22002778a 4500
001 007701089-2
005 20041012185250.0
008 971216s1999 caua b 001 0 eng
010 |a  97051268  
020 |a 0804728984 (cloth : alk. paper) 
035 0 |a ocm38168265 
040 |a DLC  |c DLC 
043 |a a-ja--- 
050 0 0 |a DS871  |b .R38 1999 
082 0 0 |a 952/.025  |2 21 
100 1 |a Ravina, Mark,  |d 1961- 
245 1 0 |a Land and lordship in early modern Japan /  |c Mark Ravina. 
260 |a Stanford, Calif. :  |b Standford University Press,  |c 1998. 
300 |a xiv, 278 p. :  |b ill. ;  |c 23 cm. 
504 |a Includes bibliographical references and indexes. 
651 0 |a Japan  |x Politics and government  |y 1600-1868. 
651 0 |a Yonezawa-han (Japan)  |x Politics and government. 
651 0 |a Tokushima-han (Japan)  |x Politics and government. 
651 0 |a Hirosaki-han (Japan)  |x Politics and government. 
988 |a 20020608 
906 |0 DLC